000 00521nam a2200193Ia 4500
005 20250326141125.0
008 250326s9999 xx 000 0 und d
037 _aTextbook
040 _aFMSL
_beng
_cFMSL
041 _aeng
_2eng
084 _qFMSL
100 _aSathyamurthy T.v.
245 0 _aState and nation in the context of social change.
_cSathyamurthy T.v.
260 _aDelhi
_bDelhi, Oxford University Press
_c1994
300 _a379p
490 _vVol.1
942 _cTB
999 _c1288807
_d1288807